| 000 | 00911nam a22003017a 4500 | ||
|---|---|---|---|
| 001 | 10150 | ||
| 003 | FISKH | ||
| 005 | 20260428102603.0 | ||
| 008 | 260428b cb ||||| |||| 00| 0 eng d | ||
| 020 | _a9780462001326 | ||
| 040 |
_aFISKH _beng _cFISKH _dFISKH |
||
| 050 | _aPZ7 | ||
| 082 | _a813 | ||
| 100 |
_aLing, Judy _eAuthor |
||
| 245 |
_aThe paper trail / _cWritten by Judy Ling ; illustrated by Rae Dale |
||
| 260 |
_aSingapore : _bMarshall Cavendish International , _c2008 |
||
| 300 |
_a16 pages : _bcolor illustrations ; _c19 cm |
||
| 490 |
_aMy pals are here! : _v16c |
||
| 505 | _aG | ||
| 520 | _aA realistic fiction about natural science and environmental protection. | ||
| 521 | 8 |
_a510
_bLexile estimate |
|
| 521 | 8 |
_aL
_bRaz-Plus |
|
| 650 |
_vNature _aEnvironment |
||
| 650 |
_vRecycle _aPaper |
||
| 700 |
_aDale, Rae _eIllustrator |
||
| 942 |
_2ddc _cBK _n0 |
||
| 999 |
_c10150 _d10150 |
||